[Event "7th Sunway Sitges 2020"]
[Site "Sitges ESP"]
[Date "2020.12.17"]
[Round "5.29"]
[White "Vlachos, Anatole"]
[Black "Rodriguez Redondo, Adhara"]
[Result "1-0"]
[WhiteTitle "IM"]
[BlackTitle "WFM"]
[WhiteElo "2413"]
[BlackElo "2183"]
[WhiteFideId "26093189"]
[BlackFideId "32065698"]
[EventDate "2020.12.13"]

1. g3 d5 2. Bg2 e6 3. d3 c5 4. f4 Nc6 5. Nf3 Nf6 6. O-O Be7 7. c3 O-O 8. Ne5 Qc7
9. Nxc6 bxc6 10. e4 Ne8 11. c4 d4 12. Nd2 f5 13. exf5 exf5 14. Nf3 Bd6 15. Ne5
Bb7 16. Qa4 Bxe5 17. fxe5 Qxe5 18. Bf4 Qe6 19. Rae1 Qd7 20. Qa5 Nf6 21. Qxc5
Rfe8 22. h3 Rad8 23. Be5 Kf7 24. Qxa7 Ra8 25. Qxd4 Qxd4+ 26. Bxd4 Rxe1 27. Rxe1
Rxa2 28. Re5 g6 29. Re2 Ra1+ 30. Kf2 Rd1 31. Bc5 Ng8 32. d4 Rd3 33. b4 Ba6 34.
b5 cxb5 35. Ra2 Bc8 36. Bd5+ Be6 37. Ra7+ Kf6 38. Ra6 1-0

[Event "7th Sunway Sitges 2020"]
[Site "Sitges ESP"]
[Date "2020.12.17"]
[Round "5.30"]
[White "Valenzuela Gomez, Fernando"]
[Black "Papadiamandis, Elliot"]
[Result "1/2-1/2"]
[WhiteTitle "IM"]
[BlackTitle "CM"]
[WhiteElo "2390"]
[BlackElo "2134"]
[WhiteFideId "3409392"]
[BlackFideId "36074160"]
[EventDate "2020.12.13"]

1. e4 c5 2. Nf3 d6 3. Bb5+ Nd7 4. a4 Nf6 5. Nc3 a6 6. Be2 b6 7. d4 cxd4 8. Qxd4
e5 9. Qe3 Bb7 10. O-O Be7 11. Rd1 O-O 12. Nd2 Qc7 13. Nc4 Rad8 14. b3 Nc5 15.
Bf3 Ncxe4 16. Nxe4 Bxe4 17. Bxe4 d5 18. Bb2 Nxe4 19. Bxe5 Qc6 20. Qxb6 Qc8 21.
Ne3 Nxf2 22. Rxd5 Rxd5 23. Nxd5 Bc5 24. Ne7+ 1/2-1/2

[Event "7th Sunway Sitges 2020"]
[Site "Sitges ESP"]
[Date "2020.12.17"]
[Round "5.31"]
[White "Unuk, Laura"]
[Black "Ezquerro Luque, Albert"]
[Result "1-0"]
[WhiteTitle "WGM"]
[WhiteElo "2346"]
[BlackElo "2101"]
[WhiteFideId "14609215"]
[BlackFideId "2276682"]
[EventDate "2020.12.13"]

1. d4 d5 2. c4 e6 3. Nf3 c6 4. Qc2 f5 5. Bf4 Bd6 6. e3 Nf6 7. Bd3 Ne4 8. O-O g5
9. Bxd6 Nxd6 10. Ne5 g4 11. Nc3 h5 12. Ne2 Qf6 13. f3 Qh6 14. Nf4 O-O 15. Qe2
Qg5 16. fxg4 hxg4 17. h3 gxh3 18. Nxh3 Qg7 19. Nf4 Rf6 20. Nh5 Qg5 21. Nxf6+
Qxf6 22. Qh5 Nd7 23. c5 Nf7 24. Bxf5 exf5 25. Rxf5 Qxf5 26. Qxf5 Ndxe5 27. Qf6 1-0

[Event "7th Sunway Sitges 2020"]
[Site "Sitges ESP"]
[Date "2020.12.17"]
[Round "5.33"]
[White "Millaret Lores, Francesc"]
[Black "Msellek, Ilyass"]
[Result "0-1"]
[BlackTitle "FM"]
[WhiteElo "2073"]
[BlackElo "2316"]
[WhiteFideId "2272741"]
[BlackFideId "675938"]
[EventDate "2020.12.13"]

1. e4 e5 2. Nf3 Nc6 3. Bc4 Nf6 4. d3 h6 5. O-O d6 6. c3 g5 7. Re1 g4 8. Nfd2 h5
9. Nf1 h4 10. f3 Rg8 11. Ne3 Bh6 12. Rf1 gxf3 13. Qxf3 Bf4 14. Kh1 Ne7 15. Nf5
Bxf5 16. exf5 Bxc1 17. Rxc1 d5 18. Bb3 Rg5 19. Qh3 Rxf5 20. Nd2 Qd7 21. Rf1
Rxf1+ 22. Rxf1 Qxh3 23. gxh3 Nh5 24. Bd1 Nf4 25. d4 f6 26. dxe5 fxe5 27. Nf3
Nfg6 28. Ng5 O-O-O 29. Bg4+ Kb8 30. Ne6 Rh8 31. Rf7 b6 32. b4 c6 33. a4 Nc8 34.
Nc7 Nge7 35. Na6+ Ka8 36. b5 cxb5 37. axb5 Rd8 38. c4 e4 39. cxd5 Nxd5 40. Rd7
Rxd7 41. Bxd7 Nce7 42. Kg2 Kb7 43. Kf2 Nf6 44. Be6 Ned5 45. Ke1 Nc7 46. Nxc7
Kxc7 47. Kf2 Kd6 48. Bg4 Ke5 49. Ke3 Nd5+ 50. Kd2 Kd4 51. Bd7 Nc3 52. Be8 e3+
53. Kc2 Nb1 54. Kd1 Nd2 55. Ke2 Ne4 56. Kf1 Nc3 57. Kg2 Kd3 0-1

[Event "7th Sunway Sitges 2020"]
[Site "Sitges ESP"]
[Date "2020.12.17"]
[Round "5.34"]
[White "Dalaud, Dorian"]
[Black "Luque Saiz, Andres"]
[Result "1-0"]
[WhiteElo "2291"]
[BlackElo "2069"]
[WhiteFideId "36093270"]
[BlackFideId "24510793"]
[EventDate "2020.12.13"]

1. e4 c6 2. c4 d5 3. exd5 cxd5 4. cxd5 Nf6 5. Nc3 Nxd5 6. Nf3 Nxc3 7. bxc3 g6 8.
d4 Bg7 9. Bd3 O-O 10. O-O Qc7 11. Bd2 Nc6 12. Re1 Rd8 13. Bg5 Be6 14. Qd2 Rac8
15. Rac1 Rd7 16. Bf4 Qa5 17. Ng5 Bf5 18. Qe3 Qd5 19. Bxf5 Qxf5 20. Nf3 Qa5 21.
Qe2 e6 22. h3 Qf5 23. Bg3 Na5 24. Nd2 Bh6 25. Ne4 Nc4 26. Rb1 Bf8 27. Bh4 Be7
28. g4 Qa5 29. Bxe7 Rxe7 30. Rb4 b5 31. Reb1 a6 32. a4 Rb7 33. Nf6+ Kg7 34. Rxc4
Rxc4 35. Qe5 Kf8 36. Nxh7+ Kg8 37. Nf6+ Kf8 38. Qd6+ Kg7 39. Ne8+ Kg8 40. Qe5
Kf8 41. Nd6 Qc7 42. axb5 Rxc3 43. Nxb7 Qxb7 44. d5 Rxh3 45. b6 Ke7 46. g5 Rf3
47. d6+ Kd8 48. Qh8+ Kd7 49. Qf8 Kc6 50. Rc1+ Kd5 51. d7 1-0

[Event "7th Sunway Sitges 2020"]
[Site "Sitges ESP"]
[Date "2020.12.17"]
[Round "5.35"]
[White "Souhardo, Basak"]
[Black "Serrano Aspa, Xavier"]
[Result "1-0"]
[WhiteElo "2276"]
[BlackElo "2061"]
[WhiteFideId "35092910"]
[BlackFideId "2219077"]
[EventDate "2020.12.13"]

1. e4 d5 2. exd5 Qxd5 3. Nc3 Qd8 4. d4 Nf6 5. Nf3 Bg4 6. h3 Bxf3 7. Qxf3 c6 8.
Be3 e6 9. Bd3 Nbd7 10. O-O-O Bd6 11. Kb1 Qc7 12. g4 Nd5 13. Ne4 Be7 14. Bd2 b5
15. h4 N7b6 16. h5 Nc4 17. Bxc4 bxc4 18. Qe2 Nb6 19. g5 O-O-O 20. Bc3 Rhe8 21.
g6 hxg6 22. hxg6 f6 23. Nd2 c5 24. Nxc4 Nxc4 25. Qxe6+ Kb7 26. Qxc4 cxd4 27.
Qxc7+ Kxc7 28. Ba5+ 1-0

[Event "7th Sunway Sitges 2020"]
[Site "Sitges ESP"]
[Date "2020.12.17"]
[Round "5.36"]
[White "Hernando Rodrigo, Julio Antonio"]
[Black "Cano Sevilla, Ivan"]
[Result "1-0"]
[WhiteTitle "IM"]
[WhiteElo "2275"]
[BlackElo "2052"]
[WhiteFideId "2208350"]
[BlackFideId "32043546"]
[EventDate "2020.12.13"]

1. d4 d6 2. Nf3 f5 3. g3 Nf6 4. Bg2 g6 5. O-O Bg7 6. c4 O-O 7. Nc3 c6 8. Rb1 a5
9. d5 e5 10. dxe6 Bxe6 11. b3 Na6 12. Bf4 Nh5 13. Bg5 Qc7 14. Qd2 Nc5 15. Nd4
Rad8 16. a3 Bc8 17. Bh6 Bxh6 18. Qxh6 Nf6 19. b4 Nce4 20. Qc1 axb4 21. axb4 Qe7
22. Na4 d5 23. c5 f4 24. gxf4 Nh5 25. e3 g5 26. f3 Nef6 27. fxg5 Nd7 28. f4 1-0

[Event "7th Sunway Sitges 2020"]
[Site "Sitges ESP"]
[Date "2020.12.17"]
[Round "5.37"]
[White "Exposito Amaro, Josue"]
[Black "Catarineu Morales, Alex"]
[Result "1-0"]
[WhiteTitle "FM"]
[WhiteElo "2273"]
[BlackElo "1992"]
[WhiteFideId "2223198"]
[BlackFideId "22220534"]
[EventDate "2020.12.13"]

1. e4 c5 2. Nf3 d6 3. c3 Nf6 4. Bc4 Nxe4 5. Qa4+ Nd7 6. Bxf7+ Kxf7 7. Qxe4 Nf6
8. Qe2 e5 9. Qc4+ Ke8 10. d4 cxd4 11. O-O Be7 12. Re1 Bf5 13. Bg5 d3 14. Nbd2
Qd7 15. Nh4 Rc8 16. Qb3 Be6 17. c4 Nh5 18. Bxe7 Qxe7 19. g3 g5 20. Ng2 Bf5 21.
Ne3 Bg6 22. Nd5 Qf7 23. Ne4 Bxe4 24. Rxe4 b6 25. Re3 Nf6 26. Rf3 1-0

[Event "7th Sunway Sitges 2020"]
[Site "Sitges ESP"]
[Date "2020.12.17"]
[Round "5.38"]
[White "Ortega Ruiz, Jose Miguel"]
[Black "Ribera Veganzones, Serni"]
[Result "1-0"]
[WhiteTitle "FM"]
[WhiteElo "2251"]
[BlackElo "1926"]
[WhiteFideId "2209713"]
[BlackFideId "6900860"]
[EventDate "2020.12.13"]

1. d4 f5 2. g3 Nf6 3. Bg2 g6 4. c3 Bg7 5. h4 d6 6. Qb3 Nc6 7. Nh3 e6 8. Nf4 d5
9. h5 Nxh5 10. Nxh5 gxh5 11. Bf3 O-O 12. Bf4 b6 13. Nd2 Bd7 14. O-O-O Na5 15.
Qc2 Rc8 16. Rxh5 Be8 17. Rh4 c5 18. dxc5 bxc5 19. Rdh1 Bg6 20. Bh5 e5 21. Bxg6
hxg6 22. Bh6 Rc7 23. Qa4 Rd7 24. Bxg7 Rxg7 25. Nf3 Nc4 26. Rxc4 e4 27. Rxc5 exf3
28. exf3 Qd6 29. Qc6 1-0

[Event "7th Sunway Sitges 2020"]
[Site "Sitges ESP"]
[Date "2020.12.17"]
[Round "5.39"]
[White "Bibilashvili, Lali"]
[Black "Degardin, Sylvain"]
[Result "1/2-1/2"]
[WhiteTitle "WCM"]
[WhiteElo "1830"]
[BlackElo "2227"]
[WhiteFideId "13604236"]
[BlackFideId "20623070"]
[EventDate "2020.12.13"]

1. c4 f5 2. Nf3 Nf6 3. g3 g6 4. b3 Bg7 5. Bb2 O-O 6. Bg2 d6 7. d4 Ne4 8. O-O Qe8
9. Qc2 e5 10. dxe5 dxe5 11. Nfd2 Nf6 12. Nc3 c6 13. e4 f4 14. Nf3 h6 15. Ba3 Rf7
16. Nh4 Kh7 17. gxf4 Nh5 18. f5 g5 19. Ng6 Nf4 20. Nxf4 exf4 21. Bf3 g4 22. Bh1
Be5 23. Bb2 f3 24. Nd1 Nd7 25. Bxe5 Nxe5 26. Ne3 c5 27. Rfd1 Nc6 28. Rd6 Nd4 29.
Qd2 Qxe4 30. Nd5 Nxf5 31. Nf6+ Rxf6 32. Rxf6 Qd4 33. Qxd4 Nxd4 34. h3 Kg7 35.
Rd6 Bf5 36. hxg4 Bxg4 37. Re1 Ne2+ 38. Kh2 Rf8 39. Rd5 b6 40. Re5 Rf4 41. R1xe2
fxe2 42. Kg3 Rd4 43. f3 Bf5 44. Rxe2 Kf6 45. Bg2 Rd3 46. Bf1 Rc3 47. Rd2 Be4 48.
Bg2 Bd3 49. Kf4 a5 50. Bh3 h5 51. Bd7 Ke7 52. Bc6 a4 53. Bxa4 Bxc4 54. bxc4
Rxc4+ 55. Kg5 Rxa4 56. Kxh5 Rd4 57. Rb2 Rd6 58. f4 c4 59. Kg5 Rd5+ 60. Kg6 b5
61. Re2+ Kf8 62. f5 c3 63. Rc2 b4 64. a3 1/2-1/2

[Event "7th Sunway Sitges 2020"]
[Site "Sitges ESP"]
[Date "2020.12.17"]
[Round "5.40"]
[White "Toncheva, Nadya"]
[Black "Perez Bolanos, David"]
[Result "0-1"]
[WhiteTitle "WFM"]
[WhiteElo "2321"]
[BlackElo "2068"]
[WhiteFideId "2924056"]
[BlackFideId "24564400"]
[EventDate "2020.12.13"]

1. d4 Nf6 2. c4 e6 3. Nc3 c5 4. d5 exd5 5. cxd5 d6 6. e4 g6 7. f4 Bg7 8. Bb5+
Nfd7 9. a4 O-O 10. Nf3 Na6 11. O-O Nc7 12. Bd3 a6 13. Re1 Re8 14. e5 dxe5 15. d6
Ne6 16. f5 Nd4 17. Nd5 Nxf3+ 18. Qxf3 e4 19. Ne7+ Qxe7 20. Rxe4 Qf8 21. fxg6
hxg6 22. Bg5 Rxe4 23. Bxe4 Qxd6 24. Rd1 Bd4+ 25. Kh1 Ne5 26. Qf4 Bg4 27. Rf1 f5
28. h3 fxe4 29. Bf6 Bf5 30. Qh4 Kf7 0-1

[Event "7th Sunway Sitges 2020"]
[Site "Sitges ESP"]
[Date "2020.12.17"]
[Round "5.41"]
[White "Perez Bolanos, Joel"]
[Black "Garcia Gimenez, Santiago"]
[Result "0-1"]
[WhiteElo "2058"]
[BlackElo "2300"]
[WhiteFideId "24564419"]
[BlackFideId "32063350"]
[EventDate "2020.12.13"]

1. e4 e5 2. Nf3 Nc6 3. Bb5 a6 4. Ba4 Nf6 5. O-O Be7 6. Re1 b5 7. Bb3 d6 8. a4
Bd7 9. h3 Na5 10. Bd5 Nxd5 11. exd5 O-O 12. d4 exd4 13. Nxd4 b4 14. Bd2 Rb8 15.
c3 Bf6 16. cxb4 Bxd4 17. bxa5 Qf6 18. Be3 Bxb2 19. Ra2 Rfe8 20. Nd2 Bc3 21. Qe2
Qg6 22. Kh2 Bf5 23. Qxa6 Be4 24. Nxe4 Bxe1 25. Nd2 Rxe3 26. fxe3 Qg3+ 27. Kg1
Bxd2 28. Rxd2 Rb1+ 29. Qf1 Qxe3+ 30. Rf2 Rxf1+ 31. Kxf1 Qc1+ 32. Ke2 Qc2+ 33.
Kf3 Qxa4 34. Rb2 g6 35. Rb7 Qxa5 0-1

[Event "7th Sunway Sitges 2020"]
[Site "Sitges ESP"]
[Date "2020.12.17"]
[Round "5.42"]
[White "Fernandez Alonso, Miguel Angel"]
[Black "Bin-Suhayl, Ieysaa"]
[Result "0-1"]
[WhiteElo "2045"]
[BlackElo "2193"]
[WhiteFideId "2253852"]
[BlackFideId "429031"]
[EventDate "2020.12.13"]

1. d4 Nf6 2. Nf3 c5 3. c3 e6 4. g3 d5 5. Bg2 Nc6 6. O-O Bd6 7. Bf4 Qe7 8. Bxd6
Qxd6 9. Nbd2 O-O 10. Qb3 b6 11. Rac1 Bb7 12. Rfd1 Rfd8 13. e3 Rac8 14. Qa3 e5
15. dxe5 Nxe5 16. Nxe5 Qxe5 17. Qxa7 Qc7 18. Qa3 Ra8 19. Qb3 Bc6 20. Re1 Ba4 21.
Qa3 Bb5 22. Qb3 Ba4 23. Qa3 Bc2 24. Qxa8 Rxa8 25. Rxc2 Rxa2 26. Nb1 Ra1 27. Rd1
Qa7 28. Bxd5 Nxd5 29. Rcd2 Qa8 30. e4 Rxb1 31. Rxb1 Nc7 32. Rbd1 Ne6 33. f4 Qxe4
34. Rd8+ Nf8 35. Kf2 g5 36. Re1 Qc2+ 37. Re2 Qb1 38. Ree8 Qxb2+ 39. Kg1 gxf4 40.
Rxf8+ Kg7 41. Rg8+ Kf6 42. gxf4 Qxc3 43. Rd6+ Kf5 44. Rxb6 Kxf4 45. Rg3 Qe1+ 46.
Kg2 Qe2+ 47. Kg1 f5 48. Rbb3 c4 49. Rbc3 Ke4 50. Rc1 h5 51. Rgc3 Kd4 52. R3c2
Qd3 53. Kf2 Kc5 54. Kg2 Kb4 55. Rb1+ Ka3 56. Rbb2 Qe4+ 57. Kf1 c3 58. Ra2+ Kb3
59. Rf2 Qb1+ 0-1

[Event "7th Sunway Sitges 2020"]
[Site "Sitges ESP"]
[Date "2020.12.17"]
[Round "5.43"]
[White "Tadevosyan, Aspet"]
[Black "Rut, Vojtech"]
[Result "1-0"]
[WhiteElo "2184"]
[BlackElo "2057"]
[WhiteFideId "24526134"]
[BlackFideId "333190"]
[EventDate "2020.12.13"]

1. d4 f5 2. g3 Nf6 3. Bg2 e6 4. c4 d5 5. Nh3 Bd6 6. Bf4 Be7 7. O-O O-O 8. Qc2 c6
9. Nd2 Na6 10. Be5 Nd7 11. f4 Nxe5 12. fxe5 g5 13. a3 Bd7 14. b4 Nc7 15. Qb3 Be8
16. e3 b5 17. cxb5 cxb5 18. Qc3 Rc8 19. Rfc1 Bh5 20. Bf1 Qe8 21. Qc6 Qxc6 22.
Rxc6 Be8 23. Rc2 Bd7 24. Rac1 Bd8 25. Nb3 Kf7 26. Nc5 Bc6 27. Nxe6 Nxe6 28. Rxc6
Rxc6 29. Rxc6 Rg8 30. Bg2 Nc7 31. Rxc7+ Bxc7 32. Bxd5+ Kf8 33. Bxg8 Kxg8 34.
Nxg5 a5 35. Ne6 axb4 36. axb4 Bb6 37. Kf2 Kf7 38. Nc5 1-0

[Event "7th Sunway Sitges 2020"]
[Site "Sitges ESP"]
[Date "2020.12.17"]
[Round "5.44"]
[White "Martin Barcelo, Carles"]
[Black "Ruiz Buendia, Miguel"]
[Result "1-0"]
[WhiteElo "2179"]
[BlackElo "2039"]
[WhiteFideId "24561444"]
[BlackFideId "24537675"]
[EventDate "2020.12.13"]

1. e4 c5 2. Nf3 d6 3. Bb5+ Nd7 4. O-O a6 5. Bd3 Ngf6 6. Re1 b5 7. c4 g5 8. Nxg5
Ne5 9. Bf1 bxc4 10. d4 cxd3 11. f4 Nc6 12. Qxd3 h6 13. Nf3 d5 14. exd5 Qxd5 15.
Nc3 Qxd3 16. Bxd3 Bg4 17. Ne5 Nxe5 18. fxe5 Nd7 19. Nd5 Ra7 20. Bxa6 e6 21. Ne3
Rxa6 22. Nxg4 Bg7 23. Bf4 Ra4 24. g3 Ke7 25. b3 Rd4 26. Rac1 Rd5 27. Ne3 Rd3 28.
Nc4 Ra8 29. Rc2 Nb8 30. Be3 Na6 31. Kf2 Rc8 32. Bd2 Nb4 33. Bxb4 cxb4 34. Ree2
Rc5 35. Nb2 Rdc3 36. Rxc3 Rxc3 37. Ke1 Rc1+ 38. Kf2 Rc3 39. Nc4 h5 40. Nd2 Rc1
41. Nf3 Rc5 42. Kg2 Rc3 43. Ne1 h4 44. gxh4 Kd7 45. Re4 Rc1 46. Kf2 Kc6 47. Nd3
Rc2+ 48. Re2 Rxe2+ 49. Kxe2 Kd5 50. Nxb4+ Kxe5 51. a4 Kd4 52. Nc6+ Kd5 53. Nd8
f5 54. h5 e5 55. Nf7 Ke6 56. h6 Bf6 57. a5 e4 58. a6 f4 59. a7 f3+ 60. Kf1 e3
61. a8=Q e2+ 62. Kf2 Bh4+ 63. Kxf3 e1=Q 64. Qe8+ Be7 65. Nd8+ Kf5 66. Qh5+ Bg5
67. Qf7+ Bf6 68. Qh5+ Bg5 69. Qf7+ Bf6 70. Qh7+ Ke5 71. Qc7+ Kf5 72. Qc2+ Ke5
73. Qc5# 1-0

[Event "7th Sunway Sitges 2020"]
[Site "Sitges ESP"]
[Date "2020.12.17"]
[Round "5.45"]
[White "Donate Moreno, Silvia"]
[Black "Odnorozhenko, Evgenyi"]
[Result "1-0"]
[BlackTitle "IM"]
[WhiteElo "1903"]
[BlackElo "2170"]
[WhiteFideId "24581887"]
[BlackFideId "14116588"]
[EventDate "2020.12.13"]

1. e4 e5 2. Nf3 Nc6 3. Bb5 a6 4. Ba4 d6 5. c3 Bd7 6. d4 Nge7 7. O-O Ng6 8. Be3
Be7 9. d5 Nb8 10. c4 h6 11. Nc3 Bg5 12. b4 Bxe3 13. fxe3 O-O 14. Bxd7 Nxd7 15.
Qd3 Ne7 16. Nd2 g6 17. Nb3 b6 18. Ne2 f5 19. Ng3 f4 20. exf4 exf4 21. Ne2 g5 22.
Nbd4 Ne5 23. Qh3 Rf6 24. Qc3 c5 25. dxc6 N7xc6 26. Nxc6 Nxc6 27. g3 Ne5 28. gxf4
gxf4 29. Nxf4 Rc8 30. Rad1 Nxc4 31. Qg3+ Kh7 32. Nh5 Rxf1+ 33. Rxf1 Qg5 34. Rf7+
Kh8 35. Qxg5 hxg5 36. Nf6 1-0

[Event "7th Sunway Sitges 2020"]
[Site "Sitges ESP"]
[Date "2020.12.17"]
[Round "5.46"]
[White "Eizaguerri Floris, Maria"]
[Black "Prats Rodriguez, Juan Bosco"]
[Result "1/2-1/2"]
[WhiteTitle "WFM"]
[WhiteElo "2167"]
[BlackElo "2039"]
[WhiteFideId "32065752"]
[BlackFideId "2221411"]
[EventDate "2020.12.13"]

1. e4 d6 2. d4 Nf6 3. Nc3 g6 4. f4 Bg7 5. Nf3 O-O 6. Bd3 Nc6 7. O-O e5 8. fxe5
dxe5 9. d5 Ne7 10. Qe1 c6 11. dxc6 Nxc6 12. Qh4 Qd6 13. Bg5 Nh5 14. Nd5 f6 15.
Be3 Be6 16. Rad1 Nb4 17. Bc4 Bxd5 18. Bxd5+ Nxd5 19. Rxd5 Qc7 20. Qf2 b6 21.
Rfd1 Qc4 22. g4 Nf4 23. Bxf4 exf4 24. Nd4 Rfe8 25. Qxf4 Re5 26. b3 Qc3 27. Nf3
Rxd5 28. exd5 Qxc2 29. Rd2 Qc5+ 30. Kg2 Rd8 31. Qe4 Bf8 32. Qe6+ Kg7 33. g5 Qe7
34. Nd4 Rd6 35. Qxe7+ Bxe7 36. Nb5 Rd7 37. Kf3 fxg5 38. d6 Kf7 39. Rd4 Bf8 40.
Ra4 a5 41. Rd4 Ke6 42. Nc7+ Kf7 43. Nb5 Ke6 44. Nc7+ Kf7 45. Nb5 Ke6 46. Nc7+ 1/2-1/2

[Event "7th Sunway Sitges 2020"]
[Site "Sitges ESP"]
[Date "2020.12.17"]
[Round "5.47"]
[White "Mitran, Anthony Cristian"]
[Black "Diaz Carrasco, Sergio"]
[Result "1/2-1/2"]
[WhiteElo "2157"]
[BlackElo "2036"]
[WhiteFideId "240052"]
[BlackFideId "2276429"]
[EventDate "2020.12.13"]

1. c4 e5 2. g3 Nf6 3. Bg2 g6 4. d3 Bg7 5. Nf3 d6 6. O-O c6 7. Nc3 O-O 8. Bg5 h6
9. Bd2 Qc7 10. e4 Be6 11. Rc1 Nbd7 12. Nh4 a5 13. Qe2 Nc5 14. Kh1 Qd7 15. f4 Bg4
16. Nf3 Ne6 17. Qf2 Bxf3 18. Bxf3 Nd4 19. Bg2 Ne8 20. Ne2 Nxe2 21. Qxe2 Nc7 22.
f5 Qd8 23. Qf3 Ne8 24. h4 g5 25. hxg5 hxg5 26. Qh5 Bf6 27. Qh6 Bg7 28. Qxg5 Qxg5
29. Bxg5 f6 30. Be3 Kf7 31. Bf3 Rh8+ 32. Kg2 Nc7 33. Rh1 Na6 34. a3 Nc5 35. Be2
Nb3 36. Rcg1 Nd4 37. Bh5+ Ke7 38. Kf2 Bh6 39. Bd1 Bg5 40. Bxg5 fxg5 41. Kg2 Kf6
42. Rxh8 Rxh8 43. Rh1 Rxh1 44. Kxh1 b5 45. b3 b4 46. axb4 axb4 47. Kg2 g4 48.
Kf2 Kg5 49. Ke3 c5 50. Kd2 Nc6 51. f6 Nd8 52. Ke3 Nf7 53. Be2 Nh6 1/2-1/2

[Event "7th Sunway Sitges 2020"]
[Site "Sitges ESP"]
[Date "2020.12.17"]
[Round "5.48"]
[White "Sismeiro, Miguel"]
[Black "Hapala, Elisabeth"]
[Result "1-0"]
[BlackTitle "WFM"]
[WhiteElo "2035"]
[BlackElo "2154"]
[WhiteFideId "1950975"]
[BlackFideId "1622080"]
[EventDate "2020.12.13"]

1. e4 c5 2. Nf3 e6 3. d4 cxd4 4. Nxd4 Nc6 5. Nc3 Qc7 6. Be2 a6 7. O-O Nf6 8. Be3
Bb4 9. Na4 Be7 10. Nxc6 bxc6 11. Nb6 Rb8 12. Nxc8 Qxc8 13. Bd4 c5 14. Be5 Rb6
15. b3 Nxe4 16. Bxg7 Rg8 17. Be5 Bd6 18. f4 c4 19. Kh1 cxb3 20. cxb3 Ba3 21. Qd3
d5 22. Bf3 f5 23. Rad1 Rc6 24. Bxe4 fxe4 25. Qe2 Qd7 26. b4 Bxb4 27. Rb1 Rb6 28.
a3 Bc5 29. Rxb6 Bxb6 30. Qxa6 Qa7 31. Qb5+ Kf7 32. f5 Bf2 33. Rxf2 Rb8 34. fxe6+
Kxe6 35. Qc6+ Ke7 36. Qd6+ 1-0

[Event "7th Sunway Sitges 2020"]
[Site "Sitges ESP"]
[Date "2020.12.17"]
[Round "5.49"]
[White "Ruperez, Miguel"]
[Black "Menac Comas, Joan Ramon"]
[Result "0-1"]
[BlackTitle "CM"]
[WhiteElo "2124"]
[BlackElo "2014"]
[WhiteFideId "115177"]
[BlackFideId "2255308"]
[EventDate "2020.12.13"]

1. d4 d5 2. c4 e6 3. Nc3 c6 4. e3 f5 5. Qc2 Nf6 6. Bd3 Bd6 7. f3 Nbd7 8. Nge2
dxc4 9. Bxc4 Nb6 10. Bb3 Qc7 11. h3 Nbd5 12. O-O Bd7 13. e4 Nb4 14. Qd1 e5 15.
dxe5 Bc5+ 16. Kh1 Qxe5 17. f4 Qe7 18. a3 Na6 19. e5 Ng4 20. Qe1 h5 21. Ba2 b5
22. b4 Bb6 23. Ng1 Be6 24. Nf3 O-O-O 25. Ng5 Nc7 26. a4 Rd3 27. axb5 cxb5 28.
Nxe6 Qxe6 29. Nxb5 Rxh3+ 0-1

[Event "7th Sunway Sitges 2020"]
[Site "Sitges ESP"]
[Date "2020.12.17"]
[Round "5.50"]
[White "Follana Albelda, Lucia"]
[Black "Pozanco Romasanta, Marc"]
[Result "0-1"]
[WhiteElo "1884"]
[BlackElo "2116"]
[WhiteFideId "24516937"]
[BlackFideId "2255138"]
[EventDate "2020.12.13"]

1. e4 Nf6 2. Nc3 d5 3. exd5 Nxd5 4. Bc4 e6 5. Qf3 Nb6 6. Bb3 Nc6 7. Nge2 a5 8.
a4 Nb4 9. O-O Bd7 10. d4 Bc6 11. Qg3 h5 12. Nf4 Qf6 13. d5 exd5 14. Re1+ Kd7 15.
Nfxd5 Bxd5 16. Bg5 Qd6 17. Qh3+ Kc6 18. Nb5 Qg6 19. Qc3+ Bc5 20. Bxd5+ N6xd5 21.
Nd4+ Kb6 22. Qc4 c6 23. Nb3 Bxf2+ 24. Kxf2 Qxc2+ 25. Nd2 Qxc4 26. Nxc4+ Ka6 27.
Re2 Rae8 28. Rd2 f6 29. Bh4 Re4 30. Nd6 Rxh4 31. Kg1 Rf4 32. Re1 Rd8 33. Ne4 Kb6
34. g3 Rf3 35. Kg2 Re3 36. Rxe3 Nxe3+ 37. Kf3 Rxd2 38. Nxd2 Nbd5 39. Ne4 Nd1 40.
b3 N1c3 41. Nd6 g5 42. Nc4+ Ka6 43. h3 b5 44. Nd6 bxa4 45. bxa4 Nxa4 46. Ne8
Nac3 47. Ng7 g4+ 48. hxg4 hxg4+ 49. Kxg4 a4 0-1

[Event "7th Sunway Sitges 2020"]
[Site "Sitges ESP"]
[Date "2020.12.17"]
[Round "5.51"]
[White "Altisen Palmada, Roberto"]
[Black "Shatil, Shir"]
[Result "0-1"]
[WhiteElo "2102"]
[BlackElo "1920"]
[WhiteFideId "2208652"]
[BlackFideId "2828278"]
[EventDate "2020.12.13"]

1. e4 c5 2. Nf3 Nc6 3. d4 cxd4 4. Nxd4 Nf6 5. Nc3 e5 6. Ndb5 d6 7. Bg5 a6 8. Na3
b5 9. Nd5 Be7 10. Bxf6 Bxf6 11. c3 Bg5 12. Nc2 O-O 13. Bd3 Be6 14. Nce3 g6 15.
a4 bxa4 16. Qxa4 Ne7 17. Bc4 Qb8 18. b4 Bxe3 19. Nxe7+ Kg7 20. Bxe6 fxe6 21.
fxe3 Qa7 22. Ke2 Qxe7 23. Raf1 Qb7 24. Qc2 Rfc8 25. Qd3 Rc6 26. Rb1 Qb5 27. Rhc1
Rc4 28. Ra1 Rac8 29. Kd2 Qc6 30. g3 Rd8 31. Ke2 Rb8 32. Rd1 Rb6 33. Ra3 Kf7 34.
Kf3 Ke7 35. h3 Rb8 36. Rda1 d5 37. exd5 exd5 38. Ke2 e4 39. Qd2 Rb5 40. Rf1
Rbxb4 41. Rfa1 Rb5 42. Ra5 Rxc3 43. Qxd5 Rb2+ 44. Kf1 Qf6+ 0-1

[Event "7th Sunway Sitges 2020"]
[Site "Sitges ESP"]
[Date "2020.12.17"]
[Round "5.52"]
[White "Sanleon Pravisano, Nieves"]
[Black "Silva, Pedro Gil Ferreira Da"]
[Result "1/2-1/2"]
[WhiteElo "1847"]
[BlackElo "2100"]
[WhiteFideId "32088590"]
[BlackFideId "1946102"]
[EventDate "2020.12.13"]

1. d4 d5 2. c4 Nc6 3. Nf3 Bg4 4. cxd5 Bxf3 5. dxc6 Bxc6 6. Nc3 Nf6 7. f3 e5 8.
dxe5 Nd7 9. e4 Nxe5 10. Be3 Qh4+ 11. Bf2 Qf6 12. Be2 Rd8 13. Qc2 Bd6 14. O-O O-O
15. Rad1 Qh6 16. g3 Qh5 17. Be3 f5 18. f4 Ng4 19. Bxg4 Qxg4 20. e5 Be7 21. Qb3+
Kh8 22. Nd5 Rxd5 23. Rxd5 Bxd5 24. Qxd5 Qe2 25. Qd2 Qb5 26. Rd1 h6 27. Qd7 Qe2
28. Qd2 Qf3 29. Rf1 Qe4 30. Qd4 Qxd4 31. Bxd4 Rd8 32. Be3 Kg8 33. Kf2 Kf7 34.
Ke2 Ke6 35. Rc1 c6 36. a3 a6 37. Bc5 Bxc5 38. Rxc5 g5 39. Rc3 Rd4 40. Rd3 1/2-1/2